1472 1643 1776 1015 1458 1420 1824 1441 1648 1011 1759 1604 1469 1179 1575 1291 1543 1249 1344 1520 1245 1583 1110 1774 1379 1890 1278 1952 1446 1195 1866 1066 1422 1728 1582 1568 1188 1897 1173 1056 1456 1690 1439 1482 1772 1906 1165 1047 1289 1353 1022 1698 1071 1510 1265 1798 1512 1456 1129 1837 1617 1540 1715 1368 1361 1875 1642 1595 1167 1959 1672 1154 1243 1135 1550 1274 1715 1948 1400 1433 1036 1146 1881 1392 1847 1480 1105 1703 1245 1723 1811 1962 1812 1956 1225 1974 1697 1941 1862 BCNSPRNW ULIB Ver.6.0+V

เปลี่ยนเป็นภาษาไทย

Change to English
 แสดงรายละเอียดบรรณานุกรม
  กลับหน้าหลัก

Brief Record : Get Marc (ISO 2709) : E-mail record : QR code < ปิดหน้าต่าง
LEADER : 00000nam 2200000uu 4500
001    13399112384
003     ULIB
008    110228s2544||||th 000 0 tha d
020    97429432
060 04 WY85^bน121ก 2544
110 1  วิทยาลัยพยาบาลบรมราชชนนี นครพนม
245 10 การจัดการเรียนการสอนวิชาจริยศาสตร์สำหรับพยาบาล /^cวิทยาลัยพยาบาลบรมราชชนนี นครพนม
250    พิมพ์ครั้งที่ 5
260    นครพนม :^bวิทยาลัยพยาบาลบรมราชชนนี นครพนม,^c2544
300    122 หน้า
650  2 พยาบาล^xจริยศาสตร์
650  7 พยาบาล
650  7 จริยศาสตร์
945    ^p0^l0^i014321
995    ทศพร
999 ^a ใช้งานได้ทุกระบบ
รายการนี้ยังไม่มีแท็ก
คุณยังไม่ได้ล็อกอิน คุณสามารถมีกิจกรรมร่วมกับเว็บไซต์ได้ แต่ต้องล็อกอินก่อน ::
  ล็อกอิน

รายการสื่อสารสนเทศ

ลำดับที่ ประเภท เลขเรียก/บาร์โค้ด สถานที่ สถานะ
- ไม่พบข้อมูล -

รายการใกล้เคียง
    หัวเรื่อง [พยาบาล]
    หัวเรื่อง [จริยศาสตร์]

BibComment


ยังไม่เคยถูกคอมเมนท์

คอมเมนท์ทรัพยากรรายการนี้
  คอมเมนท์: การจัดการเรียนการ..


 Copyright 2026. Bcnsprnw @Library